00563nam a22001817a 450000500170000001000150001702000260003203500140005803700130007208200120008510000190009724500920011625000120020826000250022027000840024530000320032970000200036120180919130715.0 aENG-123999 a9789353062361c499.00 aEN-107531 bDBAD/PUB a515.353 aSubramaniam N. aTransforms and partial differential equations /cby N. Subramaniam [and] K.S. Ramaswami a2nd ed. aNoidabPearsonc2018 a15th Floor, Tower B, Worls Trade Tower, Plot No.1, Block -CbNoida (UP)e201301 avarious pagingc23cm.bill. aRamaswami K.S.